| 000 | 00000nas##2200000za#4500 |
| 001 | 9.503504 |
| 003 | CaOODSP |
| 005 | 20200325122316 |
| 007 | cr ||||||||||| |
| 008 | 150406c1993||||xxc|| m o||||f| |0fre|d |
| 040 | |aCaOODSP|bfre |
| 043 | |an-cn--- |
| 086 | 1 |aR61-2/8F-PDF |
| 110 | 1 |aCanada.|bPatrimoine canadien. |bParcs Canada. |
| 245 | 10|aPublication hors série |h[ressource électronique] |
| 260 | |aOttawa - Ontario : |bPatrimoine canadien. |
| 310 | |aIrrégulier |
| 362 | 1 |a1993-- |
| 691 | 07|aGestion de l'environnement|2gcpds |
| 691 | 07|aParc national|2gcpds |
| 775 | 08|tOccasional paper |w(CaOODSP)9.507111 |
| 776 | 0#|tPublication hors série / |w(CaOODSP)9.513215 |